[Event "M.Chigorin Memorial 2013"]
[Site "St. Petersburg"]
[Date "2013.10.08"]
[Round "4.114"]
[White "Shpakovsky, Kirill"]
[Black "Hyoetylae, Tapio"]
[Result "1-0"]
[WhiteElo "1891"]
[BlackElo "1796"]
[PlyCount "67"]
[EventDate "2013.10.05"]

1. e4 d6 2. b3 Nf6 3. Nc3 Nc6 4. Nf3 Bg4 5. Be2 e5 6. O-O g6 7. Bb2 Bg7 8. h3
Bxf3 9. Bxf3 Nd4 10. Nb1 O-O 11. c3 Nxf3+ 12. Qxf3 Nh5 13. g4 Nf4 14. d4 Qh4
15. Kh2 Rae8 16. Bc1 Nxh3 17. Qxh3 Qxh3+ 18. Kxh3 exd4 19. Bd2 Rxe4 20. f3 Re2
21. cxd4 Bxd4 22. Bc3 Bb6 23. Nd2 d5 24. Rae1 Rfe8 25. Ne4 Rxe1 26. Nf6+ Kf8
27. Nxh7+ Kg8 28. Nf6+ Kf8 29. Rxe1 Rd8 30. Nh7+ Kg8 31. Bf6 Rc8 32. Kg2 c6 33.
Ng5 Bd8 34. Re8# 1-0

[Event "M.Chigorin Memorial 2013"]
[Site "St. Petersburg"]
[Date "2013.10.08"]
[Round "4.117"]
[White "Klevets, Ksenia"]
[Black "Petrochenko, Maria"]
[Result "0-1"]
[WhiteElo "1872"]
[BlackElo "1759"]
[PlyCount "82"]
[EventDate "2013.10.05"]

1. e4 c5 2. b3 Nc6 3. Bb2 e6 4. Nf3 Nf6 5. e5 Nd5 6. c4 Nc7 7. d4 cxd4 8. Nxd4
Bb4+ 9. Nd2 Nxd4 10. Bxd4 O-O 11. a3 Be7 12. Be2 d6 13. O-O d5 14. Bf3 b6 15.
Bb2 Bb7 16. Qe2 Qb8 17. Rfd1 Rd8 18. Rac1 Bg5 19. Rb1 Rc8 20. cxd5 Bxd2 21. d6
Bxf3 22. Qxf3 Bg5 23. h4 Bh6 24. g4 g6 25. g5 Bg7 26. dxc7 Qxc7 27. Rbc1 Qe7
28. Rc3 Rd8 29. Rcd3 Rac8 30. a4 Bf8 31. Ba3 Rxd3 32. Rxd3 Qxa3 33. Rd7 Be7 34.
Rxa7 Qc5 35. Qb7 Kf8 36. b4 Qc1+ 37. Kh2 Qf4+ 38. Kh3 Qf5+ 39. Kh2 Qxe5+ 40.
Kg2 Qd5+ 41. Kh2 Bd6+ 0-1

[Event "M.Chigorin Memorial 2013"]
[Site "St. Petersburg"]
[Date "2013.10.08"]
[Round "4.118"]
[White "Popov, Alexei"]
[Black "Pankova, Julia"]
[Result "1-0"]
[WhiteElo "1858"]
[BlackElo "1621"]
[PlyCount "79"]
[EventDate "2013.10.05"]

1. e4 c5 2. Nf3 d6 3. c3 Nf6 4. h3 Nc6 5. d4 cxd4 6. cxd4 e6 7. Nc3 Be7 8. Bd3
Bd7 9. a3 Rc8 10. O-O h6 11. Be3 Na5 12. Nd2 Nh7 13. e5 d5 14. f4 Nf8 15. Rc1
Nc6 16. f5 Bg5 17. Qe2 Bxe3+ 18. Qxe3 Qg5 19. Qxg5 hxg5 20. Nb5 exf5 21. Nd6+
Ke7 22. Nxc8+ Bxc8 23. Bxf5 Bxf5 24. Rxf5 Ne6 25. Rcf1 Rf8 26. Nb3 g6 27. R5f2
Ncxd4 28. Nxd4 Nxd4 29. Rd1 Nc6 30. Rxd5 Ke6 31. Rb5 b6 32. Rf6+ Kd7 33. Rd5+
Kc7 34. b4 Ne7 35. Rd1 Nf5 36. e6 Kc8 37. Rxf7 Re8 38. g4 Ne3 39. Rc1+ Kb8 40.
e7 1-0

[Event "M.Chigorin Memorial 2013"]
[Site "St. Petersburg"]
[Date "2013.10.08"]
[Round "4.120"]
[White "Kvitko, Nikita"]
[Black "Shpartko, Grigory"]
[Result "0-1"]
[WhiteElo "1788"]
[BlackElo "2135"]
[PlyCount "82"]
[EventDate "2013.10.05"]

1. e4 e5 2. Nf3 d6 3. Nc3 Nf6 4. d4 Nbd7 5. Bc4 Be7 6. O-O O-O 7. Ng5 h6 8. Nf3
a6 9. a4 exd4 10. Nxd4 Ne5 11. Ba2 c6 12. h3 Qc7 13. f4 Ng6 14. Be3 Bd7 15. Qd2
c5 16. Nf3 Bc6 17. f5 Ne5 18. Bxh6 Bxe4 19. Nxe5 gxh6 20. Ng6 Kg7 21. Nxf8 Rxf8
22. Nxe4 Nxe4 23. Qe2 Nf6 24. Rfe1 Bd8 25. Qf3 c4 26. Qg3+ Kh7 27. b3 Rg8 28.
Qf3 d5 29. bxc4 dxc4 30. Qf4 Qc6 31. Qf3 Qxa4 32. Bb1 Qb5 33. c3 Qc5+ 34. Kh1
Bc7 35. Re2 Rg3 36. Qxb7 Qd6 37. Qb4 Qc6 38. Qe7 Rxh3+ 39. Kg1 Bh2+ 40. Kf2
Qb6+ 41. Re3 Ng4+ 0-1

[Event "M.Chigorin Memorial 2013"]
[Site "St. Petersburg"]
[Date "2013.10.08"]
[Round "4.121"]
[White "Pitkanen, Juhani"]
[Black "Osipov, Vladimir N"]
[Result "1-0"]
[WhiteElo "1744"]
[BlackElo "1919"]
[PlyCount "76"]
[EventDate "2013.10.05"]

1. d4 Nf6 2. c4 g6 3. f3 d6 4. e4 Bg7 5. Nc3 Nbd7 6. Be3 O-O 7. Nge2 e5 8. Qd2
exd4 9. Nxd4 Ne5 10. Be2 Nh5 11. O-O a6 12. a4 c5 13. Nc2 Be6 14. Nd5 Nc6 15.
Rab1 f5 16. exf5 Bxf5 17. Rfd1 Nd4 18. Bd3 Bd7 19. b3 b5 20. a5 Bc6 21. Nb6 Ra7
22. Nxd4 cxd4 23. Bf2 Re7 24. Bf1 Rf4 25. cxb5 axb5 26. Rbc1 Bd7 27. Bxb5 Be6
28. Bc4 Rf8 29. Bxd4 Bxc4 30. Rxc4 Rc7 31. Bxg7 Kxg7 32. Qxd6 Qxd6 33. Rxd6
Rxc4 34. Nxc4 Rb8 35. Rb6 Rc8 36. a6 Nf4 37. a7 Ra8 38. Rb7+ Kh6 1-0

[Event "M.Chigorin Memorial 2013"]
[Site "St. Petersburg"]
[Date "2013.10.08"]
[Round "4.122"]
[White "Stoliarenko, Ivan"]
[Black "Zakharov, Yuri"]
[Result "0-1"]
[WhiteElo "1724"]
[BlackElo "1891"]
[PlyCount "116"]
[EventDate "2013.10.05"]

1. e4 d6 2. d4 Nf6 3. Nc3 g6 4. f4 Bg7 5. Nf3 O-O 6. Bd3 c6 7. Be3 Qc7 8. O-O
Bg4 9. h3 Bxf3 10. Rxf3 Nbd7 11. g4 e5 12. dxe5 dxe5 13. f5 gxf5 14. gxf5 Nh5
15. Qd2 Nf4 16. Kh2 Kh8 17. Qf2 Bf6 18. Ne2 Nxe2 19. Bxe2 Rg8 20. Bc4 Nb6 21.
Bb3 Nc8 22. Bh6 Nd6 23. Qe3 Rad8 24. h4 Qb6 25. Kh3 Rd7 26. Qd2 Rgd8 27. Qe2
Nxe4 28. Qxe4 Rd4 29. Qe1 Rxh4+ 30. Qxh4 Bxh4 31. Kxh4 Qd4+ 32. Kh3 Qe4 33.
Raf1 Rd4 34. Kg2 Qe2+ 35. R1f2 Rg4+ 36. Rg3 Qe4+ 37. Kh2 Rh4+ 38. Rh3 Rxh6 39.
Rxh6 Qe3 40. Rxh7+ Kxh7 41. Kg1 f6 42. Kf1 Qc1+ 43. Ke2 Qxb2 44. Rh2+ Kg7 45.
Rg2+ Kf8 46. Rg6 e4 47. Rg8+ Ke7 48. Rg7+ Kd6 49. Rxb7 Qd4 50. Be6 Ke5 51. Rc7
Qc5 52. c4 Kf4 53. Bd5 Qe3+ 54. Kf1 cxd5 55. cxd5 Qd3+ 56. Ke1 e3 57. Rxa7 Qd2+
58. Kf1 Qf2# 0-1

[Event "M.Chigorin Memorial 2013"]
[Site "St. Petersburg"]
[Date "2013.10.08"]
[Round "4.124"]
[White "Nuritdinov, Nizomiddin"]
[Black "Gantsevich, Dmitry"]
[Result "1-0"]
[WhiteElo "1882"]
[BlackElo "1655"]
[PlyCount "93"]
[EventDate "2013.10.05"]

1. d4 Nf6 2. Nf3 g6 3. g3 Bg7 4. Bg2 O-O 5. O-O d6 6. c3 Nbd7 7. Re1 e5 8. e4
c6 9. Nbd2 Qc7 10. b3 Re8 11. Ba3 b5 12. Qc2 a5 13. Rad1 Bf8 14. dxe5 dxe5 15.
Bxf8 Kxf8 16. c4 Qb6 17. Bh3 Kg7 18. Qc3 Bb7 19. Rc1 b4 20. Qb2 Qc5 21. Nf1 Qe7
22. Bxd7 Nxd7 23. Ne3 Nc5 24. Qc2 Qf6 25. Kg2 Bc8 26. Ng1 Be6 27. Nf1 Red8 28.
Re3 Rd6 29. Rd1 Rad8 30. Rxd6 Rxd6 31. Nf3 g5 32. h3 h5 33. Ng1 h4 34. Nf3 g4
35. hxg4 hxg3 36. g5 Qf4 37. Nxg3 Qg4 38. Nxe5 Qh3+ 39. Kg1 Rd8 40. Nf5+ Bxf5
41. Rxh3 Bxh3 42. Nxc6 Re8 43. f3 Re6 44. Nd4 Re8 45. Qh2 Rd8 46. Qe5+ Kg6 47.
Qf6+ 1-0

[Event "M.Chigorin Memorial 2013"]
[Site "St. Petersburg"]
[Date "2013.10.08"]
[Round "4.126"]
[White "Mikhaylov, Dimitri"]
[Black "Demura, Anna"]
[Result "0-1"]
[WhiteElo "1819"]
[BlackElo "1652"]
[PlyCount "130"]
[EventDate "2013.10.05"]

1. b4 d5 2. Bb2 Nf6 3. e3 e6 4. b5 c6 5. c4 dxc4 6. bxc6 Nxc6 7. Bxc4 Bd7 8.
Nf3 Be7 9. O-O O-O 10. Nc3 a6 11. d4 b5 12. Bd3 Nb4 13. Be2 Rc8 14. Ne5 Nfd5
15. Nxd7 Qxd7 16. Qb3 Nxc3 17. Bxc3 Nd5 18. Bb2 Rc7 19. a4 Rfc8 20. axb5 axb5
21. Bxb5 Qd8 22. Bd3 Rb8 23. Qa2 Rcb7 24. Bc1 Nb4 25. Qe2 Nxd3 26. Qxd3 Rb3 27.
Qe4 Qb6 28. Bd2 h6 29. Rfc1 Qb7 30. Qg4 Rb2 31. Qd1 Qb3 32. Qe1 Qd3 33. Ba5 Bb4
34. Bxb4 R8xb4 35. Ra8+ Kh7 36. Ra7 Rb1 37. Rac7 Rxc1 38. Rxc1 Rb2 39. g3 Qf5
40. e4 Qg4 41. d5 Re2 42. Qc3 Qxe4 43. d6 Qd5 44. Qc7 Rd2 45. Qxf7 Qxd6 46. Re1
Rd1 47. Rxd1 Qxd1+ 48. Kg2 Qd5+ 49. Qf3 Qe5 50. h4 h5 51. Qd3+ Kh6 52. Qe3+
Qxe3 53. fxe3 g5 54. Kf3 Kg6 55. Ke4 Kf6 56. Kd4 gxh4 57. gxh4 Kf5 58. e4+ Kf4
59. e5 Kf5 60. Kd3 Kxe5 61. Ke3 Kf5 62. Kf3 e5 63. Ke3 Kg4 64. Ke4 Kxh4 65.
Kxe5 Kg3 0-1

[Event "M.Chigorin Memorial 2013"]
[Site "St. Petersburg"]
[Date "2013.10.08"]
[Round "4.127"]
[White "Soliva Ruiz, Ramon"]
[Black "Shemenko, Georgy"]
[Result "0-1"]
[WhiteElo "1589"]
[BlackElo "1802"]
[PlyCount "82"]
[EventDate "2013.10.05"]

1. d4 Nf6 2. c4 g6 3. Nf3 Bg7 4. Nc3 d5 5. e3 O-O 6. cxd5 Nxd5 7. Bc4 Nxc3 8.
bxc3 c5 9. Qc2 Nc6 10. a3 Bg4 11. Be2 cxd4 12. cxd4 Rc8 13. Qa4 e5 14. Bb2 Bxf3
15. Bxf3 exd4 16. Rd1 Qb6 17. Bxc6 Qxb2 18. Bf3 dxe3 19. fxe3 Bc3+ 20. Kf1 Rfe8
21. Be4 b5 22. Qc2 Qxc2 23. Bxc2 Bb2 24. Bb3 Rxe3 25. Ba2 Rxa3 26. Bd5 b4 27.
g3 Rc2 28. Be4 Rc4 29. Bd5 Rd4 30. Kg2 b3 31. Rxd4 Bxd4 32. Rf1 b2 33. Rxf7 Kh8
34. Rb7 Bb6 35. Be4 Re3 36. Bb1 Re1 37. Ba2 b1=Q 38. Bxb1 Rxb1 39. Kf3 Rb3+ 40.
Kg4 h5+ 41. Kg5 Bd8+ 0-1

[Event "M.Chigorin Memorial 2013"]
[Site "St. Petersburg"]
[Date "2013.10.08"]
[Round "4.129"]
[White "Sokolov, Ilia"]
[Black "Potapova, Tatiana"]
[Result "1/2-1/2"]
[WhiteElo "1792"]
[BlackElo "1636"]
[PlyCount "80"]
[EventDate "2013.10.05"]

1. Nf3 Nf6 2. g3 d5 3. Bg2 c5 4. O-O e6 5. d4 Nc6 6. c4 dxc4 7. Qa4 Bd7 8. dxc5
Bxc5 9. Qxc4 Be7 10. Rd1 Qc8 11. Nc3 O-O 12. a3 a6 13. b4 b5 14. Qb3 Rd8 15.
Bb2 Rb8 16. Rac1 Be8 17. Rxd8 Qxd8 18. Rd1 Qb6 19. e3 a5 20. Nd4 Nxd4 21. Rxd4
axb4 22. axb4 Rd8 23. Ne4 Nxe4 24. Bxe4 Bc6 25. Rxd8+ Bxd8 26. Qc3 Bf6 27. Qd3
Bxe4 28. Qxe4 Be7 29. Qa8+ Qd8 30. Qxd8+ Bxd8 31. Kg2 g6 32. Kf3 Bc7 33. e4 Bb6
34. Ke2 Bc7 35. Kf3 Bb6 36. Ke2 Bc7 37. Kf3 Bb6 38. Ke2 Bc7 39. Kf3 Bb6 40. Ke2
Bc7 1/2-1/2